000
00289nam a22001337a 4500
008
180903b xxu||||| |||| 00| 0 eng d
020
_a
9780070380455
041
_a
eng
080
_a
510
100
_a
37
101
_a
MAT
245
_a
Discrete Mathematics
_c
Lipson.M
942
_2
udc
_c
BK
999
_c
47475
_d
47475